| 000 | 00600nam a2200265Ia 4500 | ||
|---|---|---|---|
| 005 | 20250425161850.0 | ||
| 008 | 250425s9999 xx 000 0 und d | ||
| 041 | _aspa | ||
| 043 | _aec | ||
| 082 | _a658.15 | ||
| 100 | _aTACLE GALARRAGA, MOISES | ||
| 245 | 0 | _aFINANZAS CORPORATIVAS | |
| 250 | _a1A ED. | ||
| 260 |
_aEcuador _bESPOL _c1995 |
||
| 260 | _aGUAYAQUIL | ||
| 300 | _a121 | ||
| 650 | _aADMINISTRACION FINANCIERA | ||
| 650 | _aBONOS | ||
| 650 | _aCORPORACION FINANCIERA | ||
| 650 | _aFINANZAS | ||
| 650 | _aINTERES | ||
| 710 | _aESPOL | ||
| 942 | _c01 | ||
| 010 | _a32864 | ||
| 999 |
_c217710 _d217710 |
||